|
|
|
|
| LEADER |
02630nam a2200601 i 4500 |
| 001 |
001895117 |
| 003 |
CZ BrMZK |
| 005 |
20240604064744.0 |
| 007 |
ta |
| 008 |
240513t20232023gw a e c 000 0 ger |
| 020 |
|
|
|a 978-3-948671-02-0
|q (brožováno)
|
| 040 |
|
|
|a BOA001
|b cze
|e rda
|
| 041 |
1 |
|
|a ger
|a cze
|h cze
|h ger
|
| 043 |
|
|
|a e-xr---
|
| 045 |
|
|
|a w-x-
|
| 072 |
|
7 |
|a 73
|x Sochařství, keramika, porcelán, umělecké zpracování kovů
|2 Konspekt
|9 21
|
| 080 |
|
|
|a 738.1
|2 MRF
|
| 080 |
|
|
|a 688
|2 MRF
|
| 080 |
|
|
|a 711.455:615.838
|2 MRF
|
| 080 |
|
|
|a (437.3)
|2 MRF
|
| 080 |
|
|
|a (083.824)
|2 MRF
|
| 100 |
1 |
|
|a Mergl, Jan,
|d 1954-
|7 jn19990010097
|4 aut
|
| 245 |
1 |
0 |
|a Vom Luxus-Souvenir der Kurorte zum Designobjekt :
|b böhmisches Porzellan des 19. und 20. Jahrhunderts = Od luxusního lázeňského suvenýru po designový předmět : český porcelán 19. a 20. století /
|c Jan Mergl, Lenka Merglová Pánková, Thomas Miltschus ; Übersetzung Šárka Kuthanová
|
| 246 |
3 |
0 |
|a Böhmisches Porzellan des 19. und 20. Jahrhunderts
|
| 246 |
3 |
1 |
|a Od luxusního lázeňského suvenýru po designový předmět
|
| 246 |
3 |
1 |
|a Český porcelán 19. a 20. století
|
| 264 |
|
1 |
|a Selb ;
|a Hohenberg a.d. Eger :
|b Porzellanikon - Staatliches Museum für Porzellan,
|c [2023]
|
| 264 |
|
4 |
|c ©2023
|
| 300 |
|
|
|a 111 stran :
|b barevné ilustrace ;
|c 28 cm
|
| 336 |
|
|
|a text
|b txt
|2 rdacontent
|
| 337 |
|
|
|a bez média
|b n
|2 rdamedia
|
| 338 |
|
|
|a svazek
|b nc
|2 rdacarrier
|
| 490 |
1 |
|
|a Schriften und Kataloge des Porzellanikon ;
|v Band 134 =
|a Publikace a katalogy Porzellanikonu ;
|v svazek 134
|
| 500 |
|
|
|a 1300 výtisků
|
| 504 |
|
|
|a Obsahuje bibliografii
|
| 546 |
|
|
|a Souběžný český text
|
| 648 |
|
7 |
|a 19.-20. století
|7 ch757015
|2 czenas
|
| 650 |
0 |
7 |
|a porcelán
|7 ph124361
|z Česko
|y 19.-20. století
|2 czenas
|
| 650 |
0 |
7 |
|a upomínkové předměty
|7 ph314809
|z Česko
|y 19.-20. století
|2 czenas
|
| 650 |
0 |
7 |
|a lázně
|7 ph136956
|2 czenas
|
| 650 |
0 |
9 |
|a porcelain
|z Czechia
|y 19th-20th centuries
|2 eczenas
|
| 650 |
0 |
9 |
|a souvenirs (keepsakes)
|z Czechia
|y 19th-20th centuries
|2 eczenas
|
| 650 |
0 |
9 |
|a spa
|2 eczenas
|
| 655 |
|
7 |
|a katalogy výstav
|7 fd132536
|2 czenas
|
| 655 |
|
9 |
|a exhibition catalogs
|2 eczenas
|
| 700 |
1 |
|
|a Merglová Pánková, Lenka,
|d 1962-
|7 xx0058493
|4 aut
|
| 700 |
1 |
|
|a Miltschus, Thomas,
|d 1978-
|7 ola20241215622
|4 aut
|
| 700 |
1 |
|
|a Kuthanová, Šárka
|7 mzk20241214706
|4 trl
|
| 830 |
|
0 |
|a Schriften und Kataloge des Porzellanikon
|
| 910 |
|
|
|a BOA001
|b 4-1524.683
|
| 990 |
|
|
|a BK
|
| 991 |
|
|
|b 202406
|c NOV
|
| 996 |
7 |
|
|b 2610970014
|c 4-1524.683
|l MZK
|r Sklad / do 1 hodiny
|n 0
|p dar
|w 001964548
|u 000010
|a 1
|e BOA001
|j MZK50
|s A
|